书目信息 |
| 题名: |
中国流行语2007发布榜
|
|
| 作者: | 周勇闯 主编 ;文汇新民联合报业集团 编选 | |
| 分册: | ||
| 出版信息: | 上海 文汇出版社 2007 |
|
| 页数: | 227页 | |
| 开本: | 23cm | |
| 丛书名: | ||
| 单 册: | ||
| 中图分类: | H136.4 | |
| 科图分类: | ||
| 主题词: | 汉语 , 社会习惯语 , 汉语--社会习惯语--汇编 | |
| 电子资源: | ||
| ISBN: | 978-7-80741-163-5 | |
| 000 | 00932nam0 2200265 450 | |
| 001 | 070730000521 | |
| 005 | 20071015143653.57 | |
| 010 | @a978-7-80741-163-5@dCNY25.00 | |
| 035 | @a003419936 | |
| 100 | @a20070226d2007 em y0chiy0110 ea | |
| 101 | 0 | @achi |
| 102 | @aCN@b310000 | |
| 105 | @aa z 000yy | |
| 200 | 1 | @a中国流行语2007发布榜@Azhong guo liu xing yu 2007 fa bu bang@f周勇闯主编@g文汇新民联合报业集团新闻信息中心编选 |
| 210 | @a上海@c文汇出版社@d2007 | |
| 215 | @a227页@c照片,图@d23cm | |
| 330 | @a本书分为20章,汇集了时政类、国际类、财经类、旅游类、社会类、房产类、汽车类、健康类、出版类等方面的流行语。 | |
| 606 | 0 | @a汉语 |
| 606 | 0 | @a社会习惯语 |
| 606 | 0 | @a汉语@x社会习惯语@j汇编 |
| 690 | @aH136.4@v4 | |
| 701 | 0 | @a周勇闯@Azhou yong chuang@f(1952~)@4主编 |
| 712 | 02 | @a文汇新民联合报业集团@Awen hui xin min lian he bao ye ji tuan@b新闻信息中心@4编选 |
| 801 | 0 | @aCN@c20071015 |
| 905 | @dH136.4@eZ8101 | |
| 中国流行语2007发布榜/周勇闯主编/文汇新民联合报业集团新闻信息中心编选.-上海:文汇出版社,2007 |
| 227页:照片,图;23cm |
| ISBN 978-7-80741-163-5:CNY25.00 |
| 本书分为20章,汇集了时政类、国际类、财经类、旅游类、社会类、房产类、汽车类、健康类、出版类等方面的流行语。 |
| ● |
| 相关链接 |
|
|
|
正题名:中国流行语2007发布榜
索取号:H136.4/Z8101
 
预约/预借
| 序号 | 登录号 | 条形码 | 馆藏地/架位号 | 状态 | 备注 |
| 1 | 651188 | 206511880 | 语言库209/209语言库 73排2列2层/ [索取号:H136.4/Z8101] | 在馆 | |
| 2 | 651189 | 206511899 | 语言库209/209语言库 73排2列2层/ [索取号:H136.4/Z8101] | 在馆 | |
| 3 | 651190 | 206511906 | 语言库209/209语言库 73排2列2层/ [索取号:H136.4/Z8101] | 在馆 |